| 000 | 00847cam a22002774a 4500 | ||
|---|---|---|---|
| 001 | 16139561 | ||
| 003 | OSt | ||
| 005 | 20170421201847.0 | ||
| 008 | 100310s2010 ctua b 001 0 eng | ||
| 010 | _a 2010010385 | ||
| 020 | _a9781607950110 | ||
| 035 | _a(DNLM)101526139 | ||
| 040 |
_aDNLM/DLC _cDLC |
||
| 042 | _apcc | ||
| 050 | 0 | 0 |
_aRD523 _b.A347 2010 |
| 082 | 0 | 0 | _aWO 600 T361a 2010 |
| 100 |
_aEdited by Regan, Thomas J. _912115 |
||
| 245 | 0 | 0 | _aAdvanced Therapy in Facial Plastic and Reconstructive Surgery |
| 260 |
_aShelton, Conn. : _bPeople's Medical Pub. House, _c2010. |
||
| 300 |
_axvi, 800 p. : _bcol. ill. ; _c28 cm. |
||
| 504 | _aIncludes bibliographical references and index. | ||
| 650 | 0 |
_aFace surgery _9578 |
|
| 650 | 0 |
_aPlastic surgery _9579 |
|
| 906 |
_a7 _bcbc _corignew _d1 _eecip _f20 _gy-gencatlg |
||
| 942 |
_2z _cB_BANK |
||
| 999 |
_c221 _d221 |
||